000
00278nam a2200121Ia 4500
005
20251222175919.0
008
251222s9999||||xx |||||||||||||| ||spa||
020
_a
8471315424
082
_a
657.04/S21
100
_a
Santos, Jesús Carlos
245
0
_a
Contabilidad
942
_c
LIB
999
_c
40590
_d
40590